The noble scholar, jurist, historian


 His Excellency Dr. Abdul Wahhab bin Ibrahim Abu Sulaiman, may Allah have mercy on him.


 He was born in Umm Al-Qura in the year 1356 AH.

فتاوى النظر والخلوة والاختلاط والمصافحة / (Record no. 13038)

MARC details
000 -LEADER
fixed length control field 01736cam a2200313 i 4500
003 - CONTROL NUMBER IDENTIFIER
control field SA_RiAUC
005 - DATE AND TIME OF LATEST TRANSACTION
control field 20251106070818.0
008 - FIXED-LENGTH DATA ELEMENTS--GENERAL INFORMATION
fixed length control field 251105s1997____su g 000 0 ara c
040 ## - CATALOGING SOURCE
Original cataloging agency SA-RiKAPL
Language of cataloging ara
Transcribing agency SA-RiAUC
Description conventions rda
082 04 - DEWEY DECIMAL CLASSIFICATION NUMBER
Classification number 259
Assigning agency SA-RiAUC
090 ## - LOCALLY ASSIGNED LC-TYPE CALL NUMBER (OCLC); LOCAL CALL NUMBER (RLIN)
Classification number (OCLC) (R) ; Classification number, CALL (RLIN) (NR) 259
Local cutter number (OCLC) ; Book number/undivided call number, CALL (RLIN) ا ل ش
100 1# - MAIN ENTRY--PERSONAL NAME
Personal name آل الشيخ، محمد بن إبراهيم بن عبد اللطيف،
Dates associated with a name 1311-1389 هجري
Relator term مؤلف.
245 10 - TITLE STATEMENT
Title فتاوى النظر والخلوة والاختلاط والمصافحة /
Statement of responsibility, etc. محمد بن إبراهيم آل شيخ، عبد العزيز بن باز ؛ تقديم محمد بن صالح العثيمين، عبد الله بن جبرين، اللجنة الدائمة للإفتاء.
250 ## - EDITION STATEMENT
Edition statement الطبعة الأولى.
264 #1 - PRODUCTION, PUBLICATION, DISTRIBUTION, MANUFACTURE, AND COPYRIGHT NOTICE
Place of production, publication, distribution, manufacture الرياض :
Name of producer, publisher, distributor, manufacturer دار القاسم للنشر والتوزيع،
Date of production, publication, distribution, manufacture, or copyright notice 1997
300 ## - PHYSICAL DESCRIPTION
Extent 78 صفحة ؛
Dimensions 17 سم
336 ## - CONTENT TYPE
Content type term نص
Content type code txt
Source rdacontent
Materials specified كتاب
337 ## - MEDIA TYPE
Media type term بدون وسيط
Media type code n
Source rdamedia
338 ## - CARRIER TYPE
Carrier type term مجلد
Carrier type code nc
Source rdacarrier
650 #7 - SUBJECT ADDED ENTRY--TOPICAL TERM
Topical term or geographic name entry element الفقه الإسلامي
Source of heading or term aucsh
650 #7 - SUBJECT ADDED ENTRY--TOPICAL TERM
Topical term or geographic name entry element الخلوة (فقه إسلامي)
Source of heading or term aucsh
650 #7 - SUBJECT ADDED ENTRY--TOPICAL TERM
Topical term or geographic name entry element الاختلاط (فقه إسلامي)
Source of heading or term aucsh
700 1# - ADDED ENTRY--PERSONAL NAME
Personal name ابن باز، عبد العزيز بن عبد الله بن عبد الرحمن،
Dates associated with a name 1332-1420 هجري
Relator term مؤلف.
700 1# - ADDED ENTRY--PERSONAL NAME
Personal name العثيمين، محمد بن صالح بن محمد،
Dates associated with a name 1347-1421 هجري
Relator term مقدم.
700 1# - ADDED ENTRY--PERSONAL NAME
Personal name ابن جبرين، عبد الله بن عبد الرحمن بن عبد الله،
Dates associated with a name 1352-1430 هجري
Relator term مقدم.
710 2# - ADDED ENTRY--CORPORATE NAME
Corporate name or jurisdiction name as entry element اللجنة الدائمة للبحوث العلمية والإفتاء (السعودية)
Relator term مقدم.
942 ## - ADDED ENTRY ELEMENTS (KOHA)
Source of classification or shelving scheme Dewey Decimal Classification
Koha item type Books
Suppress in OPAC No
949 ## - LOCAL PROCESSING INFORMATION (OCLC)
a SA-JeALM
d 251105
u mohamedma123
n 1
Holdings
Withdrawn status Lost status Source of classification or shelving scheme Damaged status Not for loan Home library Current library Date acquired Total checkouts Full call number Barcode Date last seen Price effective from Koha item type
    Dewey Decimal Classification     DR AbdElwahab Library DR AbdElwahab Library 11/06/2025   259 ا ل ش 000020860 11/06/2025 11/06/2025 Books